Kejujuran melebihi segalanya

Bibliographic Details
Main Author: W.S Uzala
Corporate Author: Title
Format: Book
Published: Selangor : Sama Publications & Distributors , 2005
Series:Siri novel menanti harapan
Subjects:

MARC

LEADER 00000cam a2200000 7i4500
001 0000000980
005 20151222.0
008 070703
020 |a 9679389731(set) 
020 |a 9679389758 
090 0 0 |a JF   |b MAL 
100 0 |a W.S Uzala 
245 1 0 |a Kejujuran melebihi segalanya   |c W.S. Uzala 
260 |a Selangor :   |b Sama Publications & Distributors ,   |c 2005 
440 |a Siri novel menanti harapan 
500 |a Children ages 10-12 years old (pink) 
650 0 |a Junior fiction   |x Malay   |x Languages 
710 0 |a Title 
999 |a 0000919677   |b Book   |c Children Collection   |e Cawangan Bukit Gambir 
999 |a 0000919678   |b Book   |c Children Collection   |e Cawangan Bukit Gambir 
999 |a 0000927327   |b Book   |c Children Collection   |e Cawangan Tangkak 
999 |a 0000927328   |b Book   |c Children Collection   |e Cawangan Tangkak 
999 |a 0000927329   |b Book   |c Children Collection   |e Cawangan Tangkak 
999 |a 0000958744   |b Book   |c Children Collection   |e Cawangan Batu Pahat 
999 |a 0000958745   |b Book   |c Children Collection   |e Perbadanan Perpustakaan Awam Johor 
999 |a 0000958746   |b Book   |c Children Collection   |e Cawangan Kota Tinggi 
999 |a 0000958747   |b Book   |c Children Collection   |e Cawangan Segamat 
999 |a 0000958748   |b Book   |c Children Collection   |e Perbadanan Perpustakaan Awam Johor